| 000 | 00880nam a2200313 i 4500 | ||
|---|---|---|---|
| 999 |
_c1131 _d1131 |
||
| 001 | 020979465 | ||
| 003 | UkOxU | ||
| 005 | 20211011092729.0 | ||
| 008 | 170526r20171986enk 000|f|eng|d | ||
| 015 |
_aGBB788978 _2bnb |
||
| 016 | 7 |
_a018355971 _2Uk |
|
| 020 |
_a9781784873189 : _qpaperback |
||
| 035 | _a(Uk)018355971 | ||
| 035 | _a(StEdALDL)1/3580532 | ||
| 040 |
_aStDuBDS _beng _erda _cStDuBDS _dUkOxU |
||
| 049 | _aCROBAR | ||
| 082 | 0 | 4 |
_aFIC ATW _223 |
| 100 | 1 |
_aAtwood, Margaret, _d1939- _eauthor. |
|
| 245 | 1 | 4 |
_aThe handmaid's tale / _cMargaret Atwood. |
| 264 | 1 |
_aLondon : _bVintage, _c2017. |
|
| 264 | 4 | _c©1986 | |
| 300 |
_axv, 314 pages ; _c20 cm |
||
| 336 |
_atext _2rdacontent |
||
| 337 |
_aunmediated _2rdamedia |
||
| 338 |
_avolume _2rdacarrier |
||
| 500 | _aOriginally published: London: Jonathan Cape, 1986. | ||
| 655 | 0 | _aDystopias. | |
| 942 |
_2ddc _cFIC |
||